000 00283nam a22001337a 4500
008 180924b xxu||||| |||| 00| 0 eng d
020 _a9780679723127
041 _aeng
080 _a340
100 _a15
101 _aJUR
245 _aGideon's trumpet
_cLewis,A
942 _2udc
_cBK
999 _c48365
_d48365